Регионална библиотека "Любен Каравелов" - Русе

За него... живота (Запис номер 125897)

MARC детайли
000 -Лидер
Контролно поле с фиксирана дължина 01420nam a2200325 c 4500
003 - Код на организацията, давaща контролен номер
Контролно поле BLK
005 - Дата и час на последна редакция
Контролно поле 20180420231934.0
008 - Елементи от данни с фиксирана дължина
fixed length control field 180409b bul|||||r ||||||| ||bul||
010 ## - Наследен системен номер
LC control number KNG00131576000
040 ## - Източник на каталожния запис
Идентификатор на билиотеката - собственик на записа BLK
041 ## - Код за език
Код за езика на текст/звукозапис или на отделно заглавие Български
Код за езика КДБФ Български
080 ## - УДК
Текстов определител УДК Любов към хората. Хуманност. Състрадание. Съжаление. Вярност. Жертвоготовност. Съчувствие. Признателност. Благодарност
УДК код - определител по УДК 177.7
УДК определител
УДК - код + определител 177.7
100 1# - Редна дума - Автор
Автор Белчева, Маня
Авторска отговорност първи автор
R(LIN) 319720
139 ## - Редно поле
Редна дума Белчева, Маня
Авторски знак Белч - Б 36
245 10 - Сведения за заглавието
Заглавие За него... живота
Подзаглавни данни Очерци за героизма на нашето съвремие
Редно поле (дума) Маня Белчева.
257 ## - Страна на издаване
Страна на създаване/издаване България
260 ## - Област на издателските данни
-- София
Име на издателя, разпространителя и проч. БКП
Година на издаване 1968
300 ## - Физическа характеристика
Страници 96 с.
Илюстрации и др. с ил.
Размери/Мащаб 18 см
380 ## - Жанр
Жанр Философия
490 1# - СЕРИИ (Колекции)
Име на серия Партиен опит : Идейно-политическа работа
№: серия 5
500 ## - Общи забележки
Забележка 5 465 тир.
650 #4 - Допълнително описание по предмет – тема
Основно описание – тема или топоним Морал и политика
9 (RLIN) 242313
650 #4 - Допълнително описание по предмет – тема
Основно описание – тема или топоним Морал, комунистически - възпитание
9 (RLIN) 318633
653 ## - Ключова дума – ненормативна
Ключова дума комунистически морал
852 ## - Местоположение
Форматна сигнатура Цб I 10374
856 4# - Електронен адрес и достъп
Електронен формат pdf - файл
Път до файла /url/
856 4# - Електронен адрес и достъп
Електронен формат pdf - файл
Път до файла /url/
942 ## - АРТИКУЛИ
Вид на библиотечния материал Книги
Скрит в OPAC Не
944 ## - СЪЗДАВАНЕ И РЕДАКЦИЯ на ЗАПИСА
Създаване/Редакция Създаване
Дата на регистрацията/редакция 23.06.2012
Статус, дата на статуса 23.06.2012 - от С1,Р / 23.06.2012
Служител, извършил регистрацията/редакцията Радостина_Карадакова
944 ## - СЪЗДАВАНЕ И РЕДАКЦИЯ на ЗАПИСА
Създаване/Редакция Редакция
Дата на регистрацията/редакция 23.06.2012
Статус, дата на статуса 23.06.2012 - от С1,Р / 23.06.2012
Служител, извършил регистрацията/редакцията
999 ## - СИСТЕМНИ КОНТРОЛНИ НОМЕРА
Koha biblionumber 125897
Koha biblioitemnumber 125897
Наличности
Код за отписване Код за изгубен артикул Източник на класификационната схема Код за повреда Коз за рестрикции Код за отдаване Артикулен № Име на библиотеката - собственик Име на библиотеката, в която се намира в момента Статус (Текущо местоположение) Дата на вписване в системата Местоположение - отдел Цена в лева Инвентарен номер Систематично азбучна сигнатура Баркод Номер на екземпляра Цена в евро Служебна бележка Служебен тип на артикула
  Не е изгубен Universal Decimal Classification Не е повреден без рестрикции ползва се в читалня 204856 Регионална библиотека "Любен Каравелов" Русе Регионална библиотека "Любен Каравелов" Русе Хранилище 1968-01-01 Хранилище 0.16 17776/68 Цб I 10374 900000030390 1 0.08 Дата: 01.01.1968 Книги
Vip Innovations Ltd, Rousse, Bulgaria 2025